LIBRARY & INFORMATION CENTRE, KCAET, TAVANUR

ONLINE PUBLIC ACCESS CATALOGUE (OPAC)

Standards methods for the examination of water and waste water / (Record no. 10134)

MARC details
000 -LEADER
fixed length control field 00595cam a2200205ua 4500
003 - CONTROL NUMBER IDENTIFIER
control field OSt
008 - FIXED-LENGTH DATA ELEMENTS--GENERAL INFORMATION
fixed length control field 250219b |||||||| |||| 00| 0 eng d
020 ## - INTERNATIONAL STANDARD BOOK NUMBER
ISBN 9 780875 53223 3
041 ## - LANGUAGE CODE
Language code of text/sound track or separate title eng
082 ## - DEWEY DECIMAL CLASSIFICATION NUMBER
Classification number 628.161
Item number EAT/ST
100 ## - MAIN ENTRY--AUTHOR NAME
Personal name Eaton, Andrew D .
245 ## - TITLE STATEMENT
Title Standards methods for the examination of water and waste water /
250 ## - EDITION STATEMENT
Edition statement 19th ed.
260 ## - PUBLICATION, DISTRIBUTION, ETC. (IMPRINT)
Place of publication Washington :
Name of publisher American public health association ,
Year of publication 1995.
300 ## - PHYSICAL DESCRIPTION
Number of Pages 2056 ; .
500 ## - GENERAL NOTE
General note ** Reference
700 1# - ADDED ENTRY--PERSONAL NAME
Personal name Clesceri, Lenore S .
700 1# - ADDED ENTRY--PERSONAL NAME
Personal name Grennberg, Arnold E .
942 ## - ADDED ENTRY ELEMENTS (KOHA)
Koha item type Books
Holdings
Withdrawn status Lost status Damaged status Home library Current library Date acquired Source of acquisition Cost, normal purchase price Full call number Accession Number Koha item type
      KAUAET KAUAET 19/02/2025 Current Books, Thrissur 7095.00 628.161 EAT/ST 20111 Books
free website counter